000 00334nam a22001457a 4500
008 221107b ||||| |||| 00| 0 eng d
020 _a2740232398527
041 _aeng
080 _2SEVENTH EDITION
_a610.73
082 _a610.73BLA
100 _a8
101 _aINF
245 _aPROFESSIONAL NURSING
_cBLACK P B
942 _2udc
_cBK
999 _c58762
_d58762